| 000 | 01177cam a2200301 a 4500 | ||
|---|---|---|---|
| 090 | _c0 | ||
| 001 | 14539004 | ||
| 005 | 20080214124742.0 | ||
| 008 | 060907s2007 at a b 001 0 eng | ||
| 010 | _a 2006934274 | ||
| 020 | _a9780495095804 | ||
| 020 | _a049509580X | ||
| 040 |
_aDLC _cDLC |
||
| 050 | 0 | 0 |
_aBF637.C45 _bA34 2005 |
| 082 | 0 | 4 |
_a158.2 _222 _bADL |
| 100 | 1 |
_aAdler, Ronald B. _q(Ronald Brian), _d1946- |
|
| 245 | 1 | 0 |
_aLooking out/looking in / _cRonald B. Adler, Russell F. Proctor II. |
| 250 | _a12th ed. | ||
| 260 |
_aAustralia ; _aBelmont, CA ; _bThomson/Wadsworth, _cc2007. |
||
| 300 |
_axvi, 457 p. : _bill. (some col.) ; _c27 cm. |
||
| 490 | 0 | _aWadsworth series in communication studies | |
| 504 | _aIncludes bibliographical references (p. 399-422) and indexes. | ||
| 650 | 0 | _aInterpersonal communication. | |
| 700 | 1 | _aProctor, Russell F. | |
| 942 |
_2ddc _cBB |
||
| 999 |
_c10360 _d10360 |
||